000 00744nam a22002177a 4500
008 131107b xxu||||| |||| 00| 0 eng d
020 _a0324323840
041 0 _aeng
080 _a330.322
100 _aReilly, Frank K. ; Norton, Edgar A.
245 1 0 _aInvestments /
_cFrank K. Reilly ; Edgar A. Norton,
260 _aCanada :
_bThomson South - Western ;
_cc2006
300 _a734 f. :
_bme il. ;
_c25 cm.
490 _aInternational students edition
_vseventh edition
500 _aPreface = [Parathënie] : f. IX - XIII
500 _aAbout the Authors = [Rreth autorëve] : f. XVII - XVIII
505 _aSubject Index = [Indexi i lëndës] : f. 721 - 734
650 0 _aInvestimet
650 0 _aAnaliza e investimeve
942 _2udc
_cBK
999 _c241
_d241